LEADER 01616nam a2200337 u 4500 001 000000006614 003 CaOOAMICUS 005 20080403114724.0 008 940514m1927 it u000 u ita u 035 $a10171793 040 $aPUL$bita$dMCT 100 1 $aMonti, Gennaro Maria,$d1896-1943.$0(OLS)http://pul/name/6724 245 13$aLe Confraternite Medievali dell'Alta e Media Italia /$cGennaro Maria Monti. 260 $aVenezia :$bNuova Italia,$c1927. 300 $a2 v. ;$c22 cm 490 1 $aStorici antichi e moderni 500 $aComprende indici. 504 $aBibliografia in nota a fondo pagina. 650 4$aConfraternite medievali.$0(OLS)http://pul/subject/9828 651 4$aItalia$xStoria$y476-1492.$0(OLS)http://pul/subject/5871 830 0$aStorici antichi e moderni.$0(OLS)http://pul/title/7718 850 $aPUL 852 $aPUL$W1$xDP1 Fondo Maccarrone$y58$m1503 C 2-3$j9354$nBK-PRI$b $qFondi$B9354$CPULBib$Z2$F9354 $H $81 852 $aPUL$W1$xDP1 Fondo Maccarrone$y58$m1503 C 2-3$j9354$nBK-PRI$b $qFondi$B9355$CPULBib$Z2$F9355 $H $81 852 $aPUL$W1$xDP1 Filosofia 1$y19$m612 B 17$j127195$av. 2, c. 2$qStampati$B125900$CPULBib$Z2$F125900 $H22080 $82 941 1 $a8 941 1 $a1 961 $aINV: 00904-905 -- Fondo Mons. M. Maccarrone 961 $aINV: 00904-905 -- Fondo Mons. M. Maccarrone 996 $6245$aLe Confraternite Medievali dell'Alta e Media Italia$9(OLS)http://pul/title/9724 996 $6260$aVenezia :$bNuova Italia$9(OLS)http://pul/publisher/51371 LEADER 01294nam a2200313 u 4500 001 000000116602 003 CaOOAMICUS 005 20090708180808.0 008 090708s2009 it u000 u ita r 020 $z978-88-07-10443-5* 040 $aPUL$bita$dLDB 041 1 $aita$heng 100 1 $aTaylor, Charles,$d1931-$0(OLS)http://pul/name/53594 240 10$aSecular age.$lItaliano.$0(OLS)http://pul/title/146550 245 12$aL'età secolare /$cCharles Taylor ; edizione italiana a cura di Paolo Costa. 260 $aMilano :$bFeltrinelli,$c2009. 300 $a1072 p. ;$c22 cm. 490 1 $aCampi del sapere/ Feltrinelli 500 $aInclude indici. 504 $aBibliografia in nota. 650 4$aSecolarizzazione.$0(OLS)http://pul/subject/641 650 4$aCristianesimo e secolarizzazione.$0(OLS)http://pul/subject/35604 830 0$aCampi del sapere (Feltrinelli).$0(OLS)http://pul/title/20268 850 $aPUL 852 $aPUL$W1$xSL Religione 3$y85$m211. 6 TAYCH 1$j133886$b $qDDC 21$B132914$CPULBib$Z2$F132914 $H110980 $82 941 1 $a9 996 $6020$z978-88-07-10443-5*$9(OLS)http://pul/number/141407 996 $6245$aL'età secolare$9(OLS)http://pul/title/146549 996 $6260$aMilano :$bFeltrinelli$9(OLS)http://pul/publisher/48846 LEADER 01492nam a2200337 u 4500 001 000000081392 003 CaOOAMICUS 005 20070226123742.0 008 050321s1999 enk u000 u eng u 020 $a0521587905 (pbk.) 020 $a052158244X 035 $a11035508 040 $aPUL$bita$dAAR 245 04$aThe Cambridge companion to Ockham /$cedited by Paul Vincent Spade. 246 30$aOckham 260 $aCambridge :$bCambridge University Press,$c1999. 300 $axvii, 420 p. ;$c23 cm 490 1 $aCambridge companions to philosophy 504 $aIncludes bibliographical references (p. 375-395) and indexes. 600 14$aOckham, William,$dc. 1285-c. 1349.$0(OLS)http://pul/subject/2266 650 0$aPhilosophy, Medieval.$2//eng$0(OLS)http://pul/subject/345 700 1 $aSpade, Paul Vincent.$0(OLS)http://pul/name/22036 830 0$aCambridge companions to philosophy.$0(OLS)http://pul/title/42015 850 $aPUL 852 $aPUL$W1$xSL Filosofia 2$y80$mPhil A8 63$j103833$nBK-PRI$b $qStampati altre collocazioni$B103833$CPULBib$Z2$F103833 $HPUL97407 $81 941 1 $a10 996 $6020$a0521587905 (pbk.)$9(OLS)http://pul/number/107832 996 $6020$a052158244X$9(OLS)http://pul/number/107833 996 $6245$aThe Cambridge companion to Ockham$9(OLS)http://pul/title/106464 996 $6246$aOckham$9(OLS)http://pul/title/106465 996 $6260$aCambridge :$bCambridge University Press$9(OLS)http://pul/publisher/50125